Merkelová vyhrala. SPD zažilo debakel voliči potvrdili európsky trend - počas krízy ...

Bibliographic Details
Main Author: Zsilleová, Miriam (Author)
Format: Article
Language:Slovak
PhysicalDescription:Fotogr.
ISSN:1335-440X
Subjects:

MARC

LEADER 00000nab a2200000 ar4500
001 vtls010059411
003 SK-MaSNL
005 20260305012213.0
008 100201c20090928xo dr|n|||||||000 b|slo
015 |a SNBRB2010/02  |2 snkbucl 
040 |a SNKBUCL  |b slo  |c SNKBUCL  |e AACR2 
041 0 |a slo 
044 |a xo  |c SK 
080 |a 324:342.53  |x (430)  |2 2001 
080 |a 342.847  |x (430)  |2 2001 
100 1 |a Zsilleová, Miriam  |4 aut  |9 839648 
245 1 0 |a Merkelová vyhrala. SPD zažilo debakel  |b voliči potvrdili európsky trend - počas krízy ...  |c Miriam Zsilleová 
300 |b Fotogr. 
648 7 |a 2009  |2 snkbucl  |9 320114 
650 0 7 |a parlamentné voľby  |x výsledky  |2 snkbucl  |2 snkbucl  |9 1270131 
651 7 |a Nemecko  |2 snkbucl  |9 21020 
655 7 |a analýzy  |2 snkbucl  |9 22242 
773 0 |t Sme  |g Roč. 17, č. 223 (28.9.2009), s. 9  |x 1335-440X 
852 |a SNK  |b KIS3GCP 
958 |a DE 
999 |c 3256371  |d 3258301